Azur Lane Ship Quiz - Sakura Empire - Statistics

General Stats
  • This quiz has been taken 18 times
  • The average score is 63 of 161
Answer Stats
Rarity Shipgirl % Correct
SR Kaga
100%
SR Kaga (BB)
100%
SR Akagi
92%
SR Akagi μ
92%
Elite Akagi-chan
92%
UR Musashi
92%
UR Shinano
92%
Elite Shinano-chan
92%
SR Yukikaze
75%
SR Amagi
67%
Elite Amagi-chan
67%
UR Amagi (CV)
67%
Rare Kamikaze
67%
UR Shimakaze
67%
SR Takao
67%
SR Zuikaku
67%
SR Akashi
58%
Elite Ayanami
58%
Decisive Azuma
58%
Rare Ise
58%
SR Kii
58%
Elite Mutsu
58%
SR Nagato
58%
SR Shoukaku
58%
SR Taihou
58%
SR Taihou μ
58%
Elite Taihou-chan
58%
SR Yuudachi
58%
Rare Akatsuki
50%
SR Atago
50%
Priority Daisen
50%
Elite Fubuki
50%
Elite Hiryuu
50%
Priority Ibuki
50%
SR Kawakaze
50%
Common Mutsuki
50%
SR Noshiro
50%
SR Noshiro μ
50%
Elite Shigure
50%
Elite Souryuu
50%
SR Tosa
50%
Elite Agano
42%
Common Aoba
42%
SR Asama
42%
Rare Asashio
42%
SR Choukai
42%
Common Furutaka
42%
UR Hakuhou
42%
Decisive Hakuryuu
42%
Elite Haruna
42%
Rare Hyuuga
42%
SR I-13
42%
SR I-19
42%
Elite I-25
42%
Priority Izumo
42%
Rare Junyou
42%
Elite Kashino
42%
Elite Kinu
42%
Elite Kirishima
42%
Elite Kongou
42%
Elite Kongou μ
42%
SR Maya
42%
SR Mikasa
42%
Rare Ooshio
42%
Priority Shimanto
42%
Elite Shirayuki
42%
UR Unzen
42%
Rare Urakaze
42%
Rare Yamashiro
42%
Common Abukuma
33%
Rare Arashio
33%
Rare Ariake
33%
Elite Asanagi
33%
SR Chikuma
33%
Elite Chitose
33%
Elite Chiyoda
33%
Rare Fusou
33%
Elite Hanazuki
33%
Rare Hatsuharu
33%
Rare Hatsushimo
33%
Elite Hibiki
33%
Elite Hiei
33%
Elite Hiei-chan
33%
Rare Hiyou
33%
Elite Houshou
33%
SR I-168
33%
Elite I-26
33%
UR I-404
33%
Elite I-56
33%
Rare Ikazuchi
33%
Rare Inazuma
33%
Rare Kagerou
33%
Common Kako
33%
SR Katsuragi
33%
SR Kazagumo
33%
Common Kisaragi
33%
Priority Kitakaze
33%
Elite Kumano
33%
Common Mikazuki
33%
Elite Mikuma
33%
Elite Minase
33%
Elite Naganami
33%
Common Nagara
33%
Rare Oite
33%
SR Oumi
33%
SR Ryuuhou
33%
SR Sakawa
33%
Common Shiranui
33%
Elite Suzunami
33%
Rare Tanikaze
33%
SR Wakatsuki
33%
SR Watarase
33%
Rare Yuugure
33%
SR Zuihou
33%
Elite Ashigara
25%
Elite Ayase
25%
Rare Fumizuki
25%
Rare Hamakaze
25%
SR Hatsuzuki
25%
Rare Isokaze
25%
Rare Isuzu
25%
Rare Kiyonami
25%
Rare Michishio
25%
Common Minazuki
25%
Elite Mogami
25%
Rare Nachi
25%
Rare Nagatsuki
25%
Rare Naka
25%
Elite Nowaki
25%
SR Owari
25%
Rare Oyashio
25%
Elite Ryuujou
25%
Rare Sendai
25%
Rare Shiratsuyu
25%
Rare Shouhou
25%
SR Suzutsuki
25%
Elite Suzuya
25%
Elite Taekaze
25%
Elite Umikaze
25%
Elite Uranami
25%
Common Uzuki
25%
Rare Wakaba
25%
Elite Yoizuki
25%
Elite Yura
25%
Elite Yuubari
25%
Elite Haguro
17%
Elite Harutsuki
17%
Rare Hatakaze
17%
Elite I-58
17%
Elite Jintsuu
17%
Elite Kasumi
17%
Common Kinugasa
17%
Rare Kuroshio
17%
Rare Matsukaze
17%
Elite Miyuki
17%
Rare Myoukou
17%
Elite Natori
17%
SR Suruga
17%
Elite Yamakaze
17%
Elite Makinami
8%
Elite Niizuki
8%
No matching quizzes found
Score Distribution
Percent of People with Each Score
Percentile by Number Answered
Your Score History
You have not taken this quiz